Visualizzazione normale
Vista MARC
- Bertolucci Bernardo
di Personal Name
Records bibliografici associati: 1
001 - CONTROL NUMBER
- control field: 44714
003 - CONTROL NUMBER IDENTIFIER
- control field: IT-RoPau
005 - DATE AND TIME OF LATEST TRANSACTION
- control field: 20151129154127.0
008 - FIXED-LENGTH DATA ELEMENTS
- fixed length control field: 151129|| aca||aabn | a|a d
040 ## - CATALOGING SOURCE
- Original cataloging agency: IT-RoPau
- Transcribing agency: IT-RoPau
100 ## - HEADING--PERSONAL NAME
- Personal name: Bertolucci Bernardo
- Relator term: (soggetto)
- Miscellaneous information: Codice Soggetto SPICS: 9230
670 ## - SOURCE DATA FOUND
- Source citation: Work cat.: (IT-RoPau)106032: Bertolucci Bernardo Codice regista SPICS: 9230 44709, NOVECENTO (ATTO I) NOVECENTO (ATTO I) (Rif. Codice opera principale : H5766)